| 000 | 01014nam0a22002651 4500 | ||
|---|---|---|---|
| 001 | rc\4411147 | ||
| 005 | 20260408054048.0 | ||
| 021 |
_aRU _bРг3560-62 |
||
| 035 | _a(NLR Aleph) 008302788 | ||
| 090 |
_a8646757 _c8646757 |
||
| 100 | _a20130416d1962 |||y0rusy50 ca | ||
| 101 | 0 | _arus | |
| 102 | _aRU | ||
| 105 | _aa z ||||| | ||
| 200 | 1 |
_aДомашний компрессионный холодильник "Ока" _eМодель ДХ-120 _eКраткая инструкция по уходу и пользованию и паспорт _fЗавод им. Орджоникидзе |
|
| 210 |
_aМосква _cГос. ИНТИ _d1962 |
||
| 215 |
_a32 с. _cил. _d22 |
||
| 300 | _aНа обл. загл.: Холодильник "ОКА" | ||
| 512 | 0 | _aХолодильник "Ока" | |
| 712 | 0 | 2 |
_aМуромский завод им. Орджоникидзе _9289562 _3RU\NLR\AUTH\8810200672 |
| 801 | 0 |
_aRU _bNLR _gpsbo |
|
| 801 | 1 |
_aRU _bELAR _2rusmarc |
|
| 852 |
_aNLR _j62-6/4939 |
||
| 942 | _cBOOK | ||
| 980 | _aNB | ||